La démocratie

保存先:
書誌詳細
第一著者: Burdeau, Georges (著者)
フォーマット: 図書
言語:フランス語
出版事項: París Editions du Seuil 1956
シリーズ:Politique, 1
主題:
タグ: タグ追加
タグなし, このレコードへの初めてのタグを付けませんか!

MARC

LEADER 00000nam a2200000 a 4500
001 UCT7186
003 CL-VaPUC
008 970116e19560000FR |||||||||||||||||fre|d
082 0 4 |a 321.4  |b BUR  |2 21 
100 0 |a Burdeau, Georges  |e author  |9 377995 
245 1 3 |a La démocratie 
300 |a 185 p 
942 |c BK 
945 |d 19970116 00:00:00  |a paguirre 
260 |a París  |b Editions du Seuil  |c 1956 
650 0 |a Democracia  |9 255256 
650 7 |a SISTEMAS POLITICOS  |2 CL-VaPUC  |9 377996 
650 0 |a Libertad  |9 255686 
650 7 |a MARXISMO  |2 CL-VaPUC  |9 377997 
650 0 |a Ideologías  |9 255200 
650 7 |a TEORIA POLITICA  |2 CL-VaPUC  |9 377998 
650 7 |a PARTICIPACION POLITICA  |2 CL-VaPUC  |9 377999 
583 |a last modification  |c 19970116 00:00:00  |k Rodrigo Vera 
490 0 |a Politique, 1 
999 |c 255844  |d 255842 
952 |0 0  |1 0  |4 0  |6 321_400000000000000_BUR_1956  |7 0  |8 A  |9 278290  |a BIBDER  |b BIBDER  |d 2019-11-19  |i 1807242  |o 321.4 BUR 1956  |p 1807242  |r 2023-01-25  |w 2019-11-19  |y BK  |k DER